| 000 | 006340000a22002290004500 | ||
|---|---|---|---|
| 041 | 0 | _aEspañol | |
| 090 |
_aMM _b00044 |
||
| 245 | 1 | 0 | _aAgricultura de sol y malezas |
| 300 |
_a30 min. _bVHS |
||
| 650 | 1 | 4 |
_aSuelo _914848 |
| 650 | 1 | 4 |
_aEdafología _993285 |
| 650 | 1 | 4 |
_aMicroorganismos del suelo _93587 |
| 650 | 1 | 4 |
_aOrganismos descomponedores _9100905 |
| 650 | 1 | 4 |
_aMateria orgánica _910482 |
| 650 | 1 | 4 |
_aAbonos orgánicos _919130 |
| 650 | 1 | 4 |
_aMicorrizas _993270 |
| 650 | 1 | 4 |
_aAgricultura orgánica _992318 |
| 650 | 1 | 4 |
_aUso sostenible del suelo _920671 |
| 041 | 0 | _aEspañol | |
| 260 |
_as.l. _bs.n. _c1990? |
||
| 942 | _cCD-ROM | ||
| 999 |
_c16481 _d16481 |
||